LEADER 01013nam0-2200337---450 001 990009398580403321 005 20200310100955.0 010 $a9789048186006 035 $a000939858 035 $aFED01000939858 035 $a(Aleph)000939858FED01 035 $a000939858 100 $a20110715d2010----km-y0itay50------ba 101 0 $aeng 102 $aNL 105 $aa-------001yy 200 1 $aAphid biodiversity under environmental change$epatterns and processes$fPavel Kindlmann, A. F. G. Dixon, J. P. Michaud editors 210 $aDordrecht$cSpringer$dc2010 215 $aX, 191 p.$cill.$d25 cm 610 0 $aAfidi 676 $a595.752$v23$zita 702 1$aKindlmann,$bPavel 702 1$aDixon,$bAnthony Frederick George 702 1$aMichaud,$bJ. P. 801 0$aIT$bUNINA$gRICA$2UNIMARC 901 $aBK 912 $a990009398580403321 952 $a60 595.752 KINP 2010$b12836$fFAGBC 959 $aFAGBC 996 $aAphid biodiversity under environmental change$9765221 997 $aUNINA LEADER 03103nam 2200637 a 450 001 9910494643503321 005 20170815145245.0 010 $a1-282-62814-3 010 $a9786612628146 010 $a1-84545-964-4 035 $a(CKB)2560000000012100 035 $a(EBL)544318 035 $a(OCoLC)645100749 035 $a(SSID)ssj0000435334 035 $a(PQKBManifestationID)12182314 035 $a(PQKBTitleCode)TC0000435334 035 $a(PQKBWorkID)10404887 035 $a(PQKB)11323981 035 $a(MiAaPQ)EBC544318 035 $a(EXLCZ)992560000000012100 100 $a20091026d2010 uy 0 101 0 $aeng 135 $aur|n|---||||| 181 $ctxt 182 $cc 183 $acr 200 00$aDeleuzian intersections$b[electronic resource] $escience, technology, anthropology /$fedited by Casper Bruun Jensen and Kjetil Ro?dje 210 $aNew York $cBerghahn Books$d2010 215 $a1 online resource (286 p.) 300 $aDescription based upon print version of record. 311 $a0-85745-657-1 311 $a1-84545-614-9 320 $aIncludes bibliographical references and index. 327 $aTitle page-Deleuzian Intersections; Contents; Acknowledgements; Introduction; Part I-Deleuzian Sciences?; Chapter 1-Experimenting with What is Philosophy?; Chapter 2-Facts, Ethics and Event; Chapter 3-Irony and Humour, Toward a Deleuzian Science Studies; Chapter 4-Between the Planes: Deleuze and Social Science; Part II-Sociotechnical Becomings; Chapter 5-A Plea for Pleats; Chapter 6-Every Thing Thinks: Sub-representative Differences in DIgital Video Codecs; Chapter 7-Cybernetics as Nomad Science; Part III-Minor Assemblages; Chapter 8-Cinematics of Scientific Images: Ecological Movement-Images 327 $aChapter 9-Social Movements and the Politics of the Virtual: Deleuzian StrategiesChapter 10-Intensive Filiation and Demonic Alliance; Notes on Contributors; Index 330 $aScience and technology studies, cultural anthropology and cultural studies deal with the complex relations between material, symbolic, technical and political practices. In a Deleuzian approach these relations are seen as produced in heterogeneous assemblages, moving across distinctions such as the human and non-human or the material and ideal. This volume outlines a Deleuzian approach to analyzing science, culture and politics. 606 $aTechnology$xAnthropological aspects 606 $aTechnology and civilization 606 $aScience and civilization 606 $aCulture$xSemiotic models 608 $aElectronic books. 615 0$aTechnology$xAnthropological aspects. 615 0$aTechnology and civilization. 615 0$aScience and civilization. 615 0$aCulture$xSemiotic models. 676 $a146.44 686 $a30.02$2bcl 701 $aJensen$b Casper Bruun$01030725 701 $aRo?dje$b Kjetil$01030726 801 0$bMiAaPQ 801 1$bMiAaPQ 801 2$bMiAaPQ 906 $aBOOK 912 $a9910494643503321 996 $aDeleuzian intersections$92447771 997 $aUNINA LEADER 02543oam 2200601I 450 001 9910711656803321 005 20190419105149.0 035 $a(CKB)5470000002485493 035 $a(OCoLC)1017547518$z(OCoLC)973360168 035 $a(EXLCZ)995470000002485493 100 $a20110530d1966 ua 0 101 0 $aeng 135 $aurcn||||||||| 181 $ctxt$2rdacontent 182 $cc$2rdamedia 183 $acr$2rdacarrier 200 10$aEpisodes and duration of hospitalization in the last year of life $eUnited States - 1961 /$fby Gooloo S. Wunderlich and Gordon F. Sutton 210 1$aWashington, D.C. :$cU.S. Department of Health, Education and Welfare, Public Health Service,$d1966. 215 $a1 online resource (2 unnumbered pages, 48 pages) $cillustrations 225 1 $aVital and health statistics. Series 22, Data from the national vital statistics system ;$vnumber 2 225 1 $aPublic Health Service publication ;$vno. 1000-series 22-no. 2 300 $a"Statistics on the number of episodes of care and the average number of days of care received by decedents during the lost year of life in short-stay hospitals and resident institutions, by age, sex, color, residence, and cause of death. Based on data collected in a survey of hospitals and institutions providing care to a sample of persons dying in 1961." 300 $a"June 1966." 320 $aIncludes bibliographical references (page 9). 517 $aEpisodes and duration of hospitalization in the last year of life 606 $aHospital utilization$zUnited States$vStatistics 606 $aInstitutional care$zUnited States$vStatistics 606 $aMortality$zUnited States$vStatistics 606 $aHospital utilization$2fast 607 $aUnited States$vStatistics, Vital 607 $aUnited States$2fast 608 $aStatistics.$2fast 608 $aVital statistics.$2lcgft 608 $aStatistics.$2lcgft 615 0$aHospital utilization 615 0$aInstitutional care 615 0$aMortality 615 7$aHospital utilization. 700 $aWunderlich$b Gooloo S.$01088603 702 $aSutton$b Gordon Francis$f1930- 712 02$aNational Center for Health Statistics (U.S.), 801 0$bNLC 801 1$bNLC 801 2$bOCLCF 801 2$bOCLCO 801 2$bU3G 801 2$bOCLCQ 801 2$bOCL 801 2$bGPO 906 $aBOOK 912 $a9910711656803321 996 $aEpisodes and duration of hospitalization in the last year of life$93518982 997 $aUNINA